[Event "World Team-ch 2017"]
[Site "Khanty-Mansyisk"]
[Date "2017.06.19"]
[Round "3"]
[White "Kovalev, Vladislav"]
[Black "Adhiban, B."]
[Result "0-1"]
[WhiteElo "2641"]
[BlackElo "2670"]
[Annotator "TA"]
[PlyCount "60"]
[EventDate "2017.??.??"]
[EventType "team-tourn"]
[EventCountry "RUS"]
[SourceTitle "playchess.com"]
[Source "ChessBase"]
[SourceQuality "1"]
[WhiteTeam "BLR"]
[BlackTeam "IND"]
[WhiteTeamCountry "BLR"]
[BlackTeamCountry "IND"]

{[%evp 25,60,38,41,37,50,36,43,32,36,35,49,41,78,66,76,44,46,0,0,0,0,0,0,-95,-74,-153,-168,-200,-184,-266,-216,-399,-393,-471,-460,-587,-580]} 1. e4 c5 2. Nf3 d6 3. Bb5+ Nd7 4. O-O Ngf6 5. Re1 a6 6. Bf1 b6 7. d4 cxd4 8. Nxd4 Bb7 9. f3 e6 {B51: Sicilian: Moscow Variation (3 Bb5+) without 3...Bd7} 10. c4 Be7 11. Nc3 O-O 12. Be3 Rc8 13. Rc1 Qc7 {LiveBook: 37 Games} 14. Qd2 Qb8 15. b4 (15. Kh1 Rfe8 16. a3 Bd8 17. Bg1 h5 18. b3 {1-0 (65) Svidler,P (2727)-Topalov,V (2816) Baku 2015}) 15... Bd8 16. Kh1 Bc7 {[#]} 17. Na4 $146 ({Predecessor:} 17. Bf2 Rfe8 18. h3 {½-½ (32) Espinosa Veloz,E (2515)-Ruiz Sanchez,O (2455) Santa Clara 2017}) 17... Ba8 18. Rc2 d5 19. cxd5 exd5 20. Bxa6 Rce8 21. Bb5 {[#] aiming for Nf5.} (21. e5 $5 Bxe5 22. h3 $16) 21... dxe4 22. f4 {Black must now prevent Bxd7.} Rd8 $1 {White should prevent ...Ng4.} 23. Bc6 {And now Nc3 would win.} Ng4 24. g3 (24. Bxa8 $11 {was the only way to keep the balance.} Nxe3 25. Bxe4 (25. Rxe3 $2 Bxf4 26. Bxe4 Nf6 $19) 25... Nxc2 26. Qxc2 Bxf4 27. Nc6) 24... Ndf6 {...Bxc6 is the strong threat.} (24... Nde5 {seems wilder.} 25. fxe5 Bxe5 26. Bxa8 Nxe3 27. Rxe3 Rxd4 28. Qe2 Qxa8 29. Nxb6 Qb7) 25. Bxa8 (25. b5 $142) 25... Qxa8 $17 26. Rxc7 Qxa4 27. Rcc1 (27. Rc4 $142) 27... Nxe3 28. Rxe3 $2 (28. Qxe3 {only move.} Ng4 29. Qc3) 28... Ng4 $19 29. Re2 ({Much weaker is} 29. Rxe4 Qa8 $19) 29... Qa3 30. h3 {[#]} Rxd4 $1 {[%mdl 512] Precision: White = 31%, Black = 77%.} 0-1

[Event "World Team-ch 2017"]
[Site "Khanty-Mansyisk"]
[Date "2017.06.19"]
[Round "3"]
[White "Solak, Dragan"]
[Black "Tari, Aryan"]
[Result "1/2-1/2"]
[WhiteElo "2641"]
[BlackElo "2593"]
[Annotator "TA"]
[PlyCount "71"]
[EventDate "2017.??.??"]
[EventType "team-tourn"]
[EventCountry "RUS"]
[SourceTitle "playchess.com"]
[Source "ChessBase"]
[SourceQuality "1"]
[WhiteTeam "TUR"]
[BlackTeam "NOR"]
[WhiteTeamCountry "TUR"]
[BlackTeamCountry "NOR"]

{[%evp 21,71,-4,0,-19,0,0,0,0,0,0,0,0,0,-27,-5,-20,0,0,0,0,0,0,31,16,32,0,0,0,0,0,0,0,31,0,47,0,0,0,0,0,0,0,0,0,0,0,0,0,0,0,0,0]} 1. e4 e5 2. Nf3 Nc6 3. Bb5 a6 4. Bxc6 dxc6 5. O-O Bg4 6. h3 h5 7. d3 Qf6 8. Be3 Bxf3 9. Qxf3 Qxf3 10. gxf3 Bd6 11. Nd2 Ne7 {[%cal Bg8e7,Be7g6,Bg6f8,Bf8e6][%mdl 32]} 12. Rfb1 {C68: Ruy Lopez: Exchange Variation, sidelines} (12. Nc4 Ng6 13. Rfd1 f6 14. Kf1 Kf7 15. c3 a5 16. a4 Rhd8 17. d4 exd4 18. Rxd4 Ne5 19. Nxe5+ fxe5 20. Rd3 {½-½ (30) Rozentalis,E (2567)-Buhmann,R (2633) Austria 2017}) 12... f6 13. b4 Ng6 14. a4 Nf8 $146 ({Predecessor:} 14... Nh4 15. Kf1 Kd7 16. Ke2 g5 17. Nc4 Rhg8 18. c3 b6 19. Rd1 Ke6 20. Nxd6 Kxd6 {1-0 (42) Fawzy,A (2451)-Hilby,C (2319) Khanty-Mansiysk 2016}) 15. c3 Ne6 16. Kf1 Kf7 17. a5 Rhd8 18. Nb3 Be7 19. Ke2 g6 20. d4 exd4 21. Nxd4 f5 22. Nxe6 Kxe6 23. Bd4 (23. Rg1 $5 {[%cal Rg1g6]}) 23... Bf6 24. Rd1 Rd6 25. Rd3 {And now e5! would win.} Rad8 {[%cal Rf6d4]} 26. Rad1 {aiming for e5!} Be7 27. Rg1 Rg8 28. Re3 f4 $1 {[%cal Rf4e3] The position is equal.} 29. Rd3 Rd7 (29... Rdd8 {feels hotter.} 30. Rdd1 g5 31. Rb1 Rd7 32. Rbd1 Rdd8) 30. Ba7 Rxd3 31. Kxd3 $11 {KRB-KRB} h4 32. Bc5 Bf6 33. Bd4 Be7 34. Bc5 Bf6 35. Bd4 Be7 36. Bc5 {Precision: White = 51%, Black = 55%.} 1/2-1/2

[Event "World Team-ch 2017"]
[Site "Khanty-Mansyisk"]
[Date "2017.06.19"]
[Round "3"]
[White "Gajewski, Grzegorz"]
[Black "Farahat, Ali"]
[Result "1/2-1/2"]
[WhiteElo "2628"]
[BlackElo "2402"]
[Annotator "TA"]
[PlyCount "70"]
[EventDate "2017.??.??"]
[EventType "team-tourn"]
[EventCountry "RUS"]
[SourceTitle "playchess.com"]
[Source "ChessBase"]
[SourceQuality "1"]
[WhiteTeam "POL"]
[BlackTeam "EGY"]
[WhiteTeamCountry "POL"]
[BlackTeamCountry "EGY"]

{[%evp 13,70,40,37,18,15,14,22,14,22,19,11,4,16,0,0,0,14,0,0,-19,-7,-13,0,0,0,0,0,-22,0,0,10,11,25,0,27,27,24,16,27,7,9,27,33,-10,-10,-18,0,0,0,0,0,0,0,0,0,-75,-81,-280,-151]} 1. d4 Nf6 2. c4 e6 3. Nf3 Bb4+ 4. Nbd2 O-O 5. a3 Be7 6. e4 d6 {E11: Bogo-Indian} 7. Be2 Nfd7 {LiveBook: 4 Games} (7... Nbd7 8. O-O e5 9. b4 exd4 10. Nxd4 Re8 11. f3 a5 12. N2b3 axb4 13. axb4 Rxa1 14. Nxa1 {½-½ (59) Rodshtein,M (2698)-Bachmann,A (2646) Chartres 2017}) 8. Nb1 e5 {The position is equal.} 9. Nc3 $146 ({Predecessor:} 9. d5 Nc5 10. Nc3 a5 11. Be3 Bg4 12. Bxc5 Bxf3 13. Bxd6 Bxg2 14. Bxe7 Qxe7 15. Rg1 Bh3 16. Qd2 Na6 17. Qh6 {1-0 (17) Potkin,V (2588)-Usmanov,V (2443) Minsk 2017}) 9... exd4 10. Nxd4 Nc6 11. Be3 Bf6 12. O-O Re8 13. Nxc6 bxc6 14. Qc2 Bb7 15. Rfd1 (15. c5 $5) 15... Qe7 16. f3 a5 17. Rab1 Nc5 18. b4 axb4 19. axb4 Ne6 20. Rb3 Bg5 21. Bf2 Bh4 22. g3 Bf6 23. f4 g6 (23... Bxc3 $5 24. Qxc3 (24. Rxc3 c5 $15) 24... c5 $11) 24. Bf3 Bg7 25. h4 Nf8 {[%cal Be6f8,Bf8d7,Bd7e5][%mdl 32]} 26. h5 Nd7 27. hxg6 hxg6 28. e5 (28. c5 $5) 28... dxe5 29. f5 e4 $36 {[%mdl 2048] Black has good play.} 30. Nxe4 {Hoping for Nc5.} Ne5 31. Bg2 {[#] Strongly threatening Bc5.} gxf5 32. Nc5 Bc8 33. Re3 {Black must now prevent Bxc6!} Be6 34. Ree1 (34. Rxe5 $11 {keeps the balance.} Bxe5 35. Bxc6) 34... Qg5 $17 35. b5 $2 {[#]} (35. Nd3 $17 {keeps fighting.} Nxd3 36. Rxd3) 35... f4 {Precision: White = 49%, Black = 53%.} (35... Bxc4 $19 36. Rxe5 Bxe5 37. Qxc4 Bxg3 38. Bxg3 Qxg3 39. bxc6 Re3) 1/2-1/2

[Event "World Team-ch 2017"]
[Site "Khanty-Mansyisk"]
[Date "2017.06.19"]
[Round "3"]
[White "Fedorov, Alexei"]
[Black "Negi, Parimarjan"]
[Result "1/2-1/2"]
[WhiteElo "2598"]
[BlackElo "2670"]
[Annotator "TA"]
[PlyCount "48"]
[EventDate "2017.??.??"]
[EventType "team-tourn"]
[EventCountry "RUS"]
[SourceTitle "playchess.com"]
[Source "ChessBase"]
[SourceQuality "1"]
[WhiteTeam "BLR"]
[BlackTeam "IND"]
[WhiteTeamCountry "BLR"]
[BlackTeamCountry "IND"]

{[%evp 14,48,31,14,20,16,34,33,33,25,23,22,33,18,26,19,23,0,38,24,45,39,37,38,48,48,37,35,23,30,145,133,147,140,135,39,37]} 1. e4 e5 2. Nf3 Nc6 3. Bc4 Bc5 4. O-O Nf6 5. d3 d6 6. c3 h6 7. Re1 O-O 8. h3 a6 {C54: Giuoco Piano: 4 c3 Nf6, main lines with 5 d4 and 5 d3} 9. a4 Be6 10. Bxe6 fxe6 11. Be3 Bxe3 12. Rxe3 Nd7 $146 ({Predecessor:} 12... Qd7 13. Nbd2 Qf7 14. g3 Nd7 15. Kg2 a5 {0-1 (45) Giri,A (2798)-Anand,V (2784) Zuerich 2016}) 13. Nbd2 Qf6 14. a5 Ne7 15. d4 (15. Qb3 $5 {[%cal Rb3b7]}) 15... Ng6 16. g3 Rf7 17. Qb3 Rb8 18. Rf1 Kh8 19. Nc4 (19. Qc4 $5 {[%cal Rc4c7]}) 19... Rff8 20. Kg2 exd4 21. cxd4 d5 {[#]} (21... Qf7 $11) 22. exd5 $1 $16 exd5 23. Nce5 Ndxe5 24. Nxe5 (24. dxe5 $16 Qd8 25. Nd4) 24... Nxe5 {Precision: White = 52%, Black = 23%.} 1/2-1/2

[Event "World Team-ch 2017"]
[Site "Khanty-Mansyisk"]
[Date "2017.06.19"]
[Round "3"]
[White "Can, Emre"]
[Black "Salomon, Johan"]
[Result "1/2-1/2"]
[WhiteElo "2589"]
[BlackElo "2501"]
[Annotator "TA"]
[PlyCount "84"]
[EventDate "2017.??.??"]
[EventType "team-tourn"]
[EventCountry "RUS"]
[SourceTitle "playchess.com"]
[Source "ChessBase"]
[SourceQuality "1"]
[WhiteTeam "TUR"]
[BlackTeam "NOR"]
[WhiteTeamCountry "TUR"]
[BlackTeamCountry "NOR"]

{[%evp 14,84,16,7,10,10,29,34,24,28,33,26,28,27,27,25,31,20,20,25,30,29,29,18,39,29,44,20,20,12,8,0,13,18,14,15,26,33,41,30,46,33,29,21,26,19,35,9,9,12,10,10,7,7,25,0,0,0,0,0,0,0,0,0,0,0,0,-1,0,0,0,0,0]} 1. d4 Nf6 2. c4 e6 3. Nf3 d5 4. Nc3 Be7 5. Bg5 h6 6. Bh4 O-O 7. e3 Nbd7 8. Rc1 c5 {D63: Queen's Gambit Declined: Classical: 7 Rc1} 9. dxc5 Nxc5 10. cxd5 g5 {White is slightly better.} 11. Bg3 Nxd5 12. Nxd5 Qxd5 13. Qxd5 exd5 14. Be2 {[#]} Bf5 $146 ({Predecessor:} 14... Bd7 15. O-O Rac8 16. Be5 {½-½ (35) Topalov,V (2741)-Kramnik,V (2811) Shamkir 2017}) 15. O-O Rac8 16. Rfd1 Ne4 17. Bc7 Be6 18. Nd4 a6 19. f3 Nc5 20. Be5 Bd7 21. Rc2 Na4 22. Kf2 Rfe8 23. Rxc8 Rxc8 24. Nb3 Be6 25. Bd3 Nc5 26. Nxc5 Rxc5 27. Bc3 Bf8 28. Bd4 Rc8 29. f4 Bc5 30. Bb1 Bxd4 31. Rxd4 $11 {[%mdl 4096] Endgame KRB-KRB} Rc1 32. Bd3 f6 33. f5 Bf7 34. a4 a5 {The position is equal.} 35. b4 b6 36. bxa5 bxa5 37. e4 Rc5 38. exd5 Rxd5 39. Ke3 $1 Kf8 40. Be4 Rc5 41. Rd6 Ke7 42. Rb6 Rc3+ {Precision: White = 69%, Black = 76%.} 1/2-1/2

[Event "World Team-ch 2017"]
[Site "Khanty-Mansyisk"]
[Date "2017.06.19"]
[Round "3"]
[White "Urkedal, Frode"]
[Black "Yilmaz, Mustafa"]
[Result "1/2-1/2"]
[WhiteElo "2541"]
[BlackElo "2630"]
[Annotator "TA"]
[PlyCount "99"]
[EventDate "2017.??.??"]
[EventType "team-tourn"]
[EventCountry "RUS"]
[SourceTitle "playchess.com"]
[Source "ChessBase"]
[SourceQuality "1"]
[WhiteTeam "NOR"]
[BlackTeam "TUR"]
[WhiteTeamCountry "NOR"]
[BlackTeamCountry "TUR"]

{[%evp 18,99,47,39,41,38,29,19,41,39,50,23,30,36,37,30,51,14,66,19,24,-36,-36,-33,-33,-54,-36,-30,-35,-33,-33,-29,-31,-61,0,-34,-27,-27,-17,-17,0,-41,-27,-40,-18,-14,-27,-43,-14,-15,-16,-12,-11,-13,0,0,0,0,0,-13,-14,-18,-12,-12,0,0,0,0,0,0,0,-190,0,0,0,0,0,0,0,0,0,0,0,0]} 1. d4 Nf6 2. c4 e6 3. Nf3 c5 4. d5 d6 5. Nc3 exd5 6. cxd5 g6 7. Bf4 a6 8. a4 Bg7 9. h3 O-O 10. e3 Ne8 {A61: Modern Benoni: Nf3 without early e4} 11. Be2 Nd7 12. O-O b6 13. Qd2 Ne5 14. Rab1 Bd7 $146 ({Predecessor:} 14... h6 15. b4 Nxf3+ 16. Bxf3 g5 17. Bg3 f5 18. bxc5 bxc5 {1-0 (47) Turov,M (2642)-Mamedjarova,Z (2307) Barbera del Valles 2012}) 15. b4 Nxf3+ 16. Bxf3 f5 17. Be2 c4 (17... Rf7 $11) 18. Rfc1 (18. Bxc4 Rc8 $17) 18... b5 19. Bh2 ({White should try} 19. Ra1 $11) 19... Qe7 $15 20. Ra1 {And now axb5 would win.} Nf6 21. Ra3 Ne4 (21... a5 $5 {[%cal Ra5b4]} 22. Rb1 axb4 23. Rxb4 Ne4 24. Nxe4 fxe4 $15) 22. Nxe4 fxe4 23. Qa2 Rad8 24. axb5 axb5 25. Ra7 h5 (25... Qg5 $1 $15 26. Bg3 (26. Bxd6 Bxh3 27. Rxg7+ Kxg7 $17) 26... Be5 27. Bxe5 dxe5) 26. Qa6 Be5 27. Bxe5 Qxe5 28. Qa1 Rf5 29. Rc7 (29. Qa5 $5 {[%cal Ra5d8]} Rdf8 30. Rxd7 Rxf2 31. Rd8 $11) 29... Be8 30. g4 Qxa1 31. Rxa1 Rf7 32. Rxf7 Kxf7 (32... Bxf7 {is interesting.} 33. Kf1 h4 34. Ke1 Bxd5 35. Ra6 Be6) 33. gxh5 gxh5 34. Bxh5+ $11 {[%mdl 4096] Endgame KRB-KRB} Kf6 35. Bg4 Bf7 36. Kf1 Bxd5 37. Ke1 Ke5 38. Kd2 (38. Ra5 $5 {[%cal Ra5b5]} Bc6 39. Ra7 $11) 38... Rf8 39. Ke1 Rf7 40. Ra3 Be6 41. Ra5 Rb7 42. Kd2 Bxg4 43. hxg4 {KR-KR} d5 44. Kc3 $2 {[#]} (44. Ra8 $11 {and White stays safe.}) 44... Rb8 $2 (44... Rf7 $1 $19 {[%cal Rf7f2]} 45. Ra8 Rxf2 46. Re8+ Kd6 47. Rd8+ Ke6 48. Re8+ Kd6 49. Rd8+ Ke6 50. Re8+ Kd6) 45. g5 {The position is equal.} Rb6 (45... Rf8 $5 {[%cal Rf8f2]} 46. Ra1 {[#]} d4+ $1 {[%mdl 512]} 47. exd4+ Kd5 $17) 46. Ra8 Rg6 47. Re8+ Re6 48. Ra8 Rg6 49. Re8+ Re6 50. Ra8 {Precision: White = 69%, Black = 58%.} 1/2-1/2

[Event "World Team-ch 2017"]
[Site "Khanty-Mansyisk"]
[Date "2017.06.19"]
[Round "3"]
[White "Elsness, Frode"]
[Black "Sanal, Vahap"]
[Result "0-1"]
[WhiteElo "2466"]
[BlackElo "2533"]
[Annotator "TA"]
[PlyCount "90"]
[EventDate "2017.??.??"]
[EventType "team-tourn"]
[EventCountry "RUS"]
[SourceTitle "playchess.com"]
[Source "ChessBase"]
[SourceQuality "1"]
[WhiteTeam "NOR"]
[BlackTeam "TUR"]
[WhiteTeamCountry "NOR"]
[BlackTeamCountry "TUR"]

{[%evp 25,90,18,37,27,72,49,137,138,147,134,123,131,137,141,133,127,133,138,135,90,121,112,119,79,66,56,65,0,0,0,0,0,8,0,2,-26,114,114,112,120,121,100,162,161,164,165,155,147,153,68,72,60,70,-56,-36,-354,-348,-362,-350,-420,-331,-746,-746,-746,-746,-1194,-1184]} 1. d4 Nf6 2. c4 e6 3. g3 d5 4. Nf3 Bb4+ 5. Bd2 Be7 6. Bg2 O-O 7. O-O Nbd7 8. Qc2 c6 9. Bf4 b6 10. Rd1 Ba6 {E08: Closed Catalan: Main Line: 7 Qc2} 11. Ne5 Nxe5 12. dxe5 Nd7 13. cxd5 cxd5 {LiveBook: 19 Games} 14. e4 d4 15. Rxd4 {[#]} g5 $146 (15... Bc5 $14 16. Rd1 g5) ({Predecessor:} 15... Bc5 16. Rd1 g5 17. Bc1 Qe7 18. Qa4 {1-0 (36) Tkachiev,V (2645)-Filippov,V (2562) Fuegen 2006}) 16. Qd2 $1 $16 gxf4 17. Rxd7 Qe8 18. Nc3 fxg3 19. hxg3 Bc8 20. Rd4 Kh8 21. Rd1 Rg8 22. a4 {Black must now prevent Nb5.} a6 23. Qf4 Ra7 24. Bf1 Qf8 25. Be2 Qg7 26. Bh5 (26. Kg2 $14) 26... Rc7 $11 27. Kg2 Bg5 28. Qf3 Qxe5 29. Qe2 Bf6 30. R4d3 Rc5 (30... b5 $11) 31. Bxf7 $16 Rf8 32. f4 Qc7 33. Bh5 Rg8 (33... Qg7 $16 {might work better.}) 34. e5 $1 $18 {[%cal Re5f6]} Bxe5 35. fxe5 Rxe5 36. Re3 $1 {[%cal Re3e5]} Bb7+ 37. Kh2 (37. Kf1 $16 Rf5+ 38. Ke1) 37... Qg7 $1 $14 {[%cal Rg7g5] [#]} 38. Rg1 $1 Rf5 $1 {Strongly threatening ...Qf6.} 39. Rxe6 (39. Bf3 $1 $14 Qh6+ 40. Kg2) 39... Qg5 $1 $40 {[%cal Rg5h5][%mdl 128] White needs to defend precisely.} 40. Be8 $2 {[%mdl 8192]} (40. Bg4 $15 Qxg4 41. Qxg4 Rxg4 42. Re8+ Kg7 43. Re7+ Rf7 44. Rge1) 40... Bf3 $19 {( -> ...Qh5+!)} 41. Qc4 {[#] aiming for Qd4+.} Qd2+ $1 42. Kh3 {intending Ne2.} Rc5 43. Qh4 $2 (43. Re2 Bxe2 44. Qxe2 Qxe2 45. Nxe2 Rxe8 46. Nc3) 43... Bg4+ {Black is clearly winning.} 44. Qxg4 Rxg4 45. Kxg4 Qg5+ {Precision: White = 31%, Black = 70%.} 0-1

[Event "World Team-ch 2017"]
[Site "Khanty-Mansyisk"]
[Date "2017.06.19"]
[Round "3"]
[White "Abdelnabbi, Imed"]
[Black "Piorun, Kacper"]
[Result "1/2-1/2"]
[WhiteElo "2428"]
[BlackElo "2632"]
[Annotator "TA"]
[PlyCount "57"]
[EventDate "2017.??.??"]
[EventType "team-tourn"]
[EventCountry "RUS"]
[SourceTitle "playchess.com"]
[Source "ChessBase"]
[SourceQuality "1"]
[WhiteTeam "EGY"]
[BlackTeam "POL"]
[WhiteTeamCountry "EGY"]
[BlackTeamCountry "POL"]

{[%evp 11,57,33,71,77,108,103,94,14,73,50,45,50,51,44,38,41,36,34,47,25,48,54,45,38,41,37,52,0,19,-29,-26,-23,-22,-31,0,0,0,0,0,0,0,-10,0,0,0,-14,0,0]} 1. e4 c5 2. Nf3 {[%cal Bg1f3,Bf3d4,Bd4b3][%mdl 32]} e6 3. Nc3 Nc6 4. d4 cxd4 5. Nxd4 d6 6. Be3 Nge7 7. Nb3 {B54: Sicilian: 2...d6 3 d4 cxd4 4 Nxd4, Unusual Lines} (7. Be2 Nxd4 8. Qxd4 Nc6 9. Qd2 a6 10. f4 Qc7 11. Bf3 b5 12. O-O-O Bb7 13. Kb1 Rc8 14. g4 Na5 {½-½ (118) Saric,I (2628)-Fedorchuk,S (2656) Bastia 2013}) 7... Ng6 8. f4 a6 9. Na4 $146 ({White should play} 9. Qf3 $16) ({Predecessor:} 9. Qf3 Be7 10. O-O-O Qc7 11. Bd3 Rb8 12. g4 b5 13. h4 Nb4 14. Kb1 Nf8 15. g5 Nd7 {1-0 (58) Vucinic,G (2294)-Abramovic,B (2412) Stari Banovci 2016}) 9... b5 (9... e5 $11 {remains equal.}) 10. Nb6 $16 Rb8 11. Nxc8 Qxc8 12. Be2 Be7 13. O-O O-O 14. c3 Rd8 15. Bd3 Bf6 16. Qe2 Qc7 17. g3 Nf8 18. Rac1 {[%cal Ba1c1,Bc1c4,Bc4e4][%mdl 32]} Qb7 19. c4 ({White should try} 19. Qf2 $14) 19... Nb4 20. Bb1 bxc4 $1 21. Rxc4 d5 22. exd5 Nxd5 23. Bf2 {The position is equal.} Qb5 24. Re4 a5 25. Qxb5 Rxb5 26. Bd4 Be7 27. Bf2 Bf6 28. Bd4 Be7 29. Bf2 {Precision: White = 64%, Black = 58%.} 1/2-1/2

[Event "World Team-ch 2017"]
[Site "Khanty-Mansyisk"]
[Date "2017.06.19"]
[Round "3"]
[White "Hesham, Abdelrahman"]
[Black "Wojtaszek, Radoslaw"]
[Result "0-1"]
[WhiteElo "2372"]
[BlackElo "2730"]
[Annotator "TA"]
[PlyCount "64"]
[EventDate "2017.??.??"]
[EventType "team-tourn"]
[EventCountry "RUS"]
[SourceTitle "playchess.com"]
[Source "ChessBase"]
[SourceQuality "1"]
[WhiteTeam "EGY"]
[BlackTeam "POL"]
[WhiteTeamCountry "EGY"]
[BlackTeamCountry "POL"]

{[%evp 9,64,15,20,19,45,37,42,30,36,30,34,41,40,0,12,2,32,21,27,-38,-15,0,0,0,0,24,15,12,14,-11,83,72,74,31,41,19,30,31,25,-27,-19,-90,-91,-142,-149,-154,-149,-334,-334,-377,-363,-420,-419,-504,-522,-508,-498]} 1. d4 Nf6 2. c4 e6 3. Nf3 b6 4. g3 Ba6 5. Qb3 Bb7 6. Nc3 {E15: Queen's Indian: 4 g3 sidelines, 4 g3 Ba6 and 4 g3 Bb7 early deviations} g6 $146 ({Predecessor:} 6... Nc6 7. e4 Na5 8. Qc2 Bb4 9. Bd3 Bxc3+ 10. bxc3 d6 11. O-O c5 12. d5 O-O 13. dxe6 {0-1 (42) Romanov,E (2619)-Urkedal,F (2549) Norway 2016}) 7. Bg2 Bg7 8. O-O {White is slightly better.} O-O 9. d5 exd5 10. cxd5 Na6 {[%cal Bb8a6,Ba6c5,Bc5e4][%mdl 32]} 11. Qc4 Nc5 12. Be3 Ba6 13. Qh4 Re8 14. Rfe1 (14. Nd2 $11) 14... Nce4 (14... Rxe3 $5 15. fxe3 Qe8 $11) 15. Bd4 Nxc3 16. Bxc3 Ne4 {[#] And now ...Qxh4 would win.} 17. Qxd8 Raxd8 18. Bxg7 Kxg7 19. Rac1 Rc8 (19... c6 $11) 20. Nd4 $16 f5 21. f3 Nf6 22. e4 fxe4 23. fxe4 {Hoping for e5.} Re5 $1 24. Re3 ({Better is} 24. a4) 24... Nxd5 $1 $11 25. Rb3 (25. Ra3 $11 Nb4 26. Rd1) 25... c5 $17 {[%cal Bc7c5,Bc5d4,Bd4d3,Bd3d2][%mdl 32]} 26. exd5 (26. Nc6 $142 dxc6 27. exd5 cxd5 28. Ra3) 26... cxd4 27. Rxc8 Bxc8 {KRB-KRB} 28. Ra3 $2 (28. Rb4 $17 {was worth a try.}) 28... Re3 $19 29. Ra4 d3 30. Bf1 Re1 31. Rd4 Ba6 32. Kf2 {[#]} d2 $1 {[%mdl 512] Precision: White = 30%, Black = 62%.} 0-1